Berde Áron, a lapszerkesztő

Elmentve itt :
Bibliográfiai részletek
Szerző: GAÁL György
Adatforrás:Meister
Forrásdokumentuma:Helikon. -
4 sz., 1993, 22-23 p.
Nyelv:magyar
Kulcsszavak:sajtótörténet
Kolozsvár
BERDE Áron
BRASSAI Sámuel
VIDA Károly
DÓZSA Dániel
MIKÓ Imre (gróf)
JÓSIKA Samu
Kolozsvári Unitárius Kollégium
Természetbarát. Természettudományos Folyóirat
Orvos-Természettudományi Értesítő
Vasárnapi Újság
Hetilap
Erdélyi Gazdasági Egyesület (EGE)
Kolozsvári Közlöny
Erdélyi Múzeum
Magyar Futár
LEADER 00916nab a2200313 i 4500
001 bibPRO00007191
008 060524s1993 xx hun
040 |a Sz1 
041 |a hun 
100 1 |a GAÁL György 
245 1 0 |a Berde Áron, a lapszerkesztő  |c GAÁL György 
695 |a sajtótörténet 
695 |a Kolozsvár 
695 |a BERDE Áron 
695 |a BRASSAI Sámuel 
695 |a VIDA Károly 
695 |a DÓZSA Dániel 
695 |a MIKÓ Imre (gróf) 
695 |a JÓSIKA Samu 
695 |a Kolozsvári Unitárius Kollégium 
695 |a Természetbarát. Természettudományos Folyóirat 
695 |a Orvos-Természettudományi Értesítő 
695 |a Vasárnapi Újság 
695 |a Hetilap 
695 |a Erdélyi Gazdasági Egyesület (EGE) 
695 |a Kolozsvári Közlöny 
695 |a Erdélyi Múzeum 
695 |a Magyar Futár 
773 0 |t Helikon. -  |g 4 sz., 1993, 22-23 p.